Prabandh'17 / (Record no. 146782)
[ view plain ]
| 000 -LEADER | |
|---|---|
| fixed length control field | 00572nam a22001937a 4500 |
| 005 - DATE AND TIME OF LATEST TRANSACTION | |
| control field | 20171101125214.0 |
| 010 ## - LCCN (DPL NO) | |
| LC control number | ENG-121033 |
| 020 ## - INTERNATIONAL STANDARD BOOK NUMBER | |
| Terms of availability | 500.00 |
| International Standard Book Number | 9789385559099 |
| 035 ## - SYSTEM CONTROL NUMBER | |
| System control number | EN-104565 |
| 037 ## - SOURCE OF ACQUISITION | |
| Source of stock number/acquisition | DBAD/PUB |
| 082 ## - DEWEY DECIMAL CLASSIFICATION NUMBER | |
| Classification number | 620 |
| 245 ## - TITLE STATEMENT | |
| Title | Prabandh'17 / |
| Statement of responsibility, etc | edited by Prathibha S. Nair |
| 260 ## - PUBLICATION, DISTRIBUTION, ETC. (IMPRINT) | |
| Place of publication, distribution, etc | Kerala |
| Name of publisher, distributor, etc | Ashalatha Thampuran |
| Date of publication, distribution, etc | 2017 |
| 270 ## - ADDRESS | |
| Address | Anad, Nedumangadu, Thiruvananthapuram |
| City | Kerala |
| Postal code | 695544 |
| 300 ## - PHYSICAL DESCRIPTION | |
| Extent | Various pagings: |
| Dimensions | 29cm(pbk) |
| Other physical details | ill. |
| 500 ## - GENERAL NOTE | |
| General note | Includes index |
| 700 ## - ADDED ENTRY--PERSONAL NAME | |
| Personal name | Nair,Prathibha S. |
| 942 ## - ADDED ENTRY ELEMENTS (KOHA) | |
| Source of classification or shelving scheme | Dewey Decimal Classification |
| Item type | English Books |
| Classification part | 620 |
| Call number suffix | PRA |
| Withdrawn status | Lost status | Not for loan | Collection code | Home library | Current library | Date acquired | Source of acquisition | Cost, normal purchase price | Full call number | Barcode | Copy number | Cost, replacement price | Koha item type |
|---|---|---|---|---|---|---|---|---|---|---|---|---|---|
| Non-fiction | Narela | Narela | 23/10/2017 | DBAD/PUB | 500.00 | 620 PRA | EN-104565 | 1 | 500.00 | English Books |
